Statistics for World Capitals by Geographic Coordinate System #1

Click here to take the quiz!

General Stats

  • This quiz has been taken 23 times
    (19 since last reset)
  • The average score is 7 of 12

Answer Stats

CoordinatesCity% Correct
51°29′N 0°7′WLondon
100%
39°54′N 116°23′EBeijing
67%
15°47′S 47°51′WBrasilia
67%
19°25′N 99°7′WMexico City
67%
41°54′N 12°28′ERome
67%
34°36′S 58°23′WBuenos Aires
58%
35°18′S 149°7′ECanberra
58%
50°26′N 30°32′EKyiv
58%
28°37′N 77°12′ENew Delhi
50%
35°40′N 139°44′ETokyo
50%
30°2′N 31°14′ECairo
42%
1°17′S 36°49′ENairobi
42%

Score Distribution

Percentile by Number Answered

Percent of People with Each Score

Your Score History

You have not taken this quiz since the last reset